00301nam a2200109Ia 4500008004100000100004200041245004100083260003600124300000900160942000700169999001500176190216s9999||||xx |||||||||||||| ||und|| aSathyanarayana M & Lalaitha Raman 0aBusiness Organisation And Management bHimalaya Publishing Housec1960 a428p cBK c4638d4638